Entrenamiento físico y mental de la Legión Francesa /

Detalles Bibliográficos
Autor principal: Michiara, Gérald (Autor)
Otros Autores: Coulomb, Patrick (contributor agent of text.), Navarro Fàbrega, Francesc (Traductor)
Formato: Electrónico eBook
Lenguaje:español
francés
Publicado: [Barcelona] : Paidotribo, [2023]
Edición:Primera edición.
Materias:
Acceso en línea:Digitalia Hispánica

MARC

LEADER 00000nam a2200000Ii 4500
001 DIGEDPBR0005
003 NyNyDIG
006 m o d
007 cr |||||||||||
008 251024s2023 sp o o 000 0 spa d
035 |a (OCoLC)1476703296 
040 |a DGITA  |b eng  |e rda  |e pn  |c DGITA 
020 |a 9788499109800  |q ePub 
020 |z 9788499107066 
041 1 |a spa  |h fre 
043 |a e-fr--- 
050 1 4 |a U56 ebook 
100 1 |a Michiara, Gérald,  |e author. 
240 1 0 |a Preparation physique et mentale du légionnaire.  |l Spanish  |s (Navarro Fàbrega) 
245 1 0 |a Entrenamiento físico y mental de la Legión Francesa /  |c Mayor Gérald ; entrevistas con Patrick Coulomb ; traducción, Francesc Navarro Fàbrega. 
250 |a Primera edición. 
264 1 |a [Barcelona] :  |b Paidotribo,  |c [2023] 
300 |a 1 online resource :  |b photographs. 
336 |a text  |b txt  |2 rdacontent 
337 |a computer  |b c  |2 rdamedia 
338 |a online resource  |b cr  |2 rdacarrier 
347 |a text file  |2 rdaft 
347 |b EPUB 
588 0 |a Online resource; title from ePub title page (Digitalia, viewed October 24, 2025) 
600 1 0 |a Michiara, Gérald. 
650 0 |a Military education  |z France. 
650 0 |a Physical education and training  |z France. 
700 1 |a Coulomb, Patrick,  |e contributor agent of text. 
700 1 |a Navarro Fàbrega, Francesc,  |e translator. 
700 1 |i Translation of:  |a Michiara, Gérald.  |t Preparation physique et mentale du légionnaire. 
791 2 |a Digitalia (Firm),  |e distributor. 
793 0 |g Digitalia eBook Collection:  |a Editorial Paidotribo 
776 0 8 |i Print version:  |a Michiara, Gérald.  |s Preparation physique et mentale du légionnaire. Spanish (Navarro Fàbrega).  |t Entrenamiento físico y mental de la Legión Francesa.  |b Primera edición.  |d [Barcelona] : Paidotribo, [2023]  |z 9788499107066 
856 4 0 |3 Digitalia Hispánica  |u https://www.digitaliapublishing.com/a/160035/ 
910 |a Premium collection: 2025